| 000 | 00505nam a22002057a 4500 | ||
|---|---|---|---|
| 005 | 20260216152322.0 | ||
| 008 | 260216b |||||||| |||| 00| 0 eng d | ||
| 020 |
_a9780983783373 _cRs. 700.00 |
||
| 040 | _aMAIN | ||
| 082 |
_a294.5436 _bL149S |
||
| 100 | _aLakshmanjoo, Swami | ||
| 245 | _aSupreme Awakening | ||
| 260 |
_aNew Delhi _bIshwar Ashram Trust _c2021 |
||
| 300 | _axxvi, 322 | ||
| 650 | _aReligion | ||
| 650 | _aHinduism | ||
| 650 | _aShaivism | ||
| 700 | _aHughes, John | ||
| 942 | _cBK | ||
| 999 |
_c397021 _d397021 |
||